000
00287nam a22001217a 4500
008
170613b xxu||||| |||| 00| 0 eng d
041
_a
eng
080
_2
2ND
_a
328
100
_a
19
101
_a
SHP
245
_a
GOVERNMENTS AND POLITICS OF SOUTHEAST ASIA
_c
WILSON,D.A
942
_2
udc
_c
BK
999
_c
17111
_d
17111